ARGOS - Ein Programm zur Bekämpfung der Straßenkriminalität in Frankfurt am Main vom 1.April bis 31.Dezember 1986: - Erfahrungsbericht

Saved in:  
Bibliographic Details
Corporate Author: Der (Author)
Format: Print Book
Language:German
Published: Frankfurt Vervielf.Manuskr 1987
In:Year: 1987
Availability in Tübingen:Present in Tübingen.
IFK: C V 135
Check availability: HBZ Gateway
Subito Delivery Service: Order now.
Keywords:

MARC

LEADER 00000cam a22000002c 4500
001 152201828X
003 DE-627
005 20220603164545.0
007 tu
008 151116s1987 xx ||||| 00| ||ger c
035 |a (DE-627)152201828X 
035 |a (DE-576)452018285 
035 |a (DE-599)BSZ452018285 
040 |a DE-627  |b ger  |c DE-627  |e rakwb 
041 |a ger 
110 2 |a Der  |4 aut 
245 1 0 |a ARGOS - Ein Programm zur Bekämpfung der Straßenkriminalität in Frankfurt am Main vom 1.April bis 31.Dezember 1986  |b - Erfahrungsbericht 
264 1 |a Frankfurt  |b Vervielf.Manuskr  |c 1987 
300 |a o.Pag S. 
336 |a Text  |b txt  |2 rdacontent 
337 |a ohne Hilfsmittel zu benutzen  |b n  |2 rdamedia 
338 |a Band  |b nc  |2 rdacarrier 
583 1 |a Archivierung prüfen  |c 20200919  |f DE-640  |z 1  |2 pdager 
951 |a BO 
ELC |b 1 
LOK |0 000 xxxxxcx a22 zn 4500 
LOK |0 001 2873336528 
LOK |0 003 DE-627 
LOK |0 004 152201828X 
LOK |0 005 20151116140053 
LOK |0 008 150728||||||||||||||||ger||||||| 
LOK |0 035   |a (DE-21-110)kd12023 
LOK |0 040   |a DE-21-110  |c DE-627  |d DE-21-110 
LOK |0 689   |a s  |a Organisierte Kriminalität 
LOK |0 689   |a s  |a Prostitution 
LOK |0 689   |a s  |a Straßenkriminalität 
LOK |0 689   |a s  |a Zuhälterei 
LOK |0 852   |a DE-21-110 
LOK |0 852 1  |c C V 135  |m p  |9 00 
LOK |0 935   |a k110 
LOK |0 938   |k p 
LOK |0 939   |a 28-07-15  |b l01 
ORI |a SA-MARC-krimdoka001.raw 
SIG |a IFK: C V 135